000 00442nam a2200193Ia 4500
005 20240823031919.0
008 240823s9999||||xx |||||||||||||| ||und||
020 _a978-81-7223-720-2
041 _aENGLISH
082 _A823.914 P8
100 _aKunal Basu
245 4 _aThe Opium Clerk
250 _a1st
260 _c2008
_bHarper Collins Publi
500 _aYES
650 _aopium Clerk
_bGeneral
942 _cBK
999 _c192201
_d192201